000 00930nac a22002777a 4500
001 BR7904478
003 BR-BrBNA
005 20240105114452.0
008 230509b bl.|||m| |||| 00| 0 por d
040 _aBR-BrBNA
_bpor
_cBiblioteca Nacional de Agricultura
072 _aF22; P12
090 _aF22 BR7904478
100 1 _aSilva, J.J.S. e
100 1 _aOliveira, F.A. de
110 1 _aEmpresa de Pesquisa Agropecuaria da Bahia, Salvador (Brasil)
_94095
245 1 _aBalanco hidrico do projeto de irrigacao de Sao Disiderio [umidade do solo, Bahia, Brasil]
260 3 _aSalvador, BA (Brasil):
_c1979.
300 _a7 p.
490 _aComunicado Tecnico - Empresa de Pesquisa Agropecuaria da Bahia (Brazil)
_vno. 18
_xISSN 0100-4816
650 _aIRRIGACAO
650 _aBALANCO HIDRICO
650 _aUMIDADE DO SOLO
650 _aBAHIA
909 _a202312
_bLúcia Elande
_c55
_dLúcia Elande
942 _2AGRIS
_n0
_cMS
999 _c269535
_d269535